LEADER 01325nam a2200325 i 4500 001 991001796169707536 005 20020503153703.0 008 940513s1981 it ||| | ita 035 $ab10274029-39ule_inst 035 $aEXGIL91628$9ExL 040 $aBiblioteca Interfacoltà$bita 041 0 $aitalat 082 04$a945.62 100 1 $aNanni, Giovanni$071780 245 10$aAnnio da Viterbo :$bdocumenti e ricerche 260 $aRoma :$bConsiglio nazionale delle ricerche,$c[1981] 300 $a342 p., [24] p. di tav. ;$c31 cm. 490 0 $aContributi alla storia degli studi etruschi e italici ;$v1 500 $aPt. 1: Viterbiae historiae epitoma / opera inedita di Giovanni Nanni da Viterbo ; edizione critica di Giovanni Baffioni ; pt. 2 : Annio da Viterbo: ispiratore di cicli pittorici / di Paola Mattiangeli. 650 4$aNanni, Giovanni 700 1 $aBaffioni, Giovanni 700 1 $aMattiangeli, Paola 740 0 $aViterbiae historiae epitoma 907 $a.b10274029$b17-02-17$c27-06-02 912 $a991001796169707536 945 $aLE002 945.62 NAN 945 $aLE002 Bibl. VIII L 8/001$cV. 1$g1$i2002000284082$lle002$o-$pE0.00$q-$rl$s- $t0$u0$v0$w0$x0$y.i10325979$z27-06-02 996 $aAnnio da Viterbo$9210590 997 $aUNISALENTO 998 $ale002$b01-01-94$cm$da $e-$fita$git $h0$i1 LEADER 03400 am 2200649 n 450 001 9910495988303321 005 20201027 010 $a2-271-12784-X 024 7 $a10.4000/books.editionscnrs.42062 035 $a(CKB)5590000000429638 035 $a(FrMaCLE)OB-editionscnrs-42062 035 $a(oapen)https://directory.doabooks.org/handle/20.500.12854/84814 035 $a(PPN)267944012 035 $a(EXLCZ)995590000000429638 100 $a20201208j|||||||| ||| 0 101 0 $afre 135 $auu||||||m|||| 181 $ctxt$2rdacontent 182 $cc$2rdamedia 183 $acr$2rdacarrier 200 10$aMarcel Proust $eÉcrire sans fin /$fRainer Warning, Jean Milly 210 $aParis $cCNRS Éditions$d2020 215 $a1 online resource (216 p.) 225 1 $aTextes et manuscrits 311 $a2-271-05287-4 330 $aDepuis quelques années, une critique structuraliste qui séparait rigoureusement structure et genèse, exigeant la considération d?un texte clos sur lui-même et dont elle négligeait les étapes et les variantes, n?est plus de mise. Les chercheurs proustiens furent conduits à ce dépassement par l?objet même de leur étude. Les matériaux que présente À la recherche du temps perdu sont en effet ceux d?une ?uvre inachevée non seulement dans son état final, mais même potentiellement, car de nombreux éléments abandonnés ou au contraire introduits en cours de route, notamment l?histoire d?Albertine, témoignent d?une activité incessante de « surnourriture » et de remodelage qui introduit de riches arrière-plans et de notables déviations par rapport à l?orientation d?ensemble. Les auteurs des présentes contributions, universitaires allemands, suisses et français, font ressortir, à propos de nombreux aspects du roman proustien, l?importance fondamentale que revêt l?étude des avant-textes, éléments non pas résiduels, mais constitutifs d?une écriture jamais parvenue à un point de fixation définitif. Ils analysent cette mobilité tantôt comme un phénomène de discours, du point de vue du produit ou comme une autoproduction, tantôt dans sa relation avec le sujet écrivant, envisageable lui-même sous différents angles. Il est certain en tout cas qu?avec Proust la question du sujet se pose de nouveau avec insistance à la critique contemporaine. 606 $aLiterature, Romance 606 $alittérature française 606 $aécriture 606 $aProust 606 $aécrivain 610 $alittérature française 610 $aécriture 610 $aProust 610 $aécrivain 615 4$aLiterature, Romance 615 4$alittérature française 615 4$aécriture 615 4$aProust 615 4$aécrivain 676 $a843/.912 700 $aCompagnon$b Antoine$0168910 701 $aGrésillon$b Almuth$0388674 701 $aHölz$b Karl$01326090 701 $aKeller$b Luzius$0175429 701 $aMilly$b Jean$0132371 701 $aNitsch$b Wolfram$0176267 701 $aSprenger$b Ulrike$0441694 701 $aStierle$b Karlheinz$0451948 701 $aWarning$b Rainer$0454544 701 $aWarning$b Rainer$0454544 701 $aMilly$b Jean$0132371 801 0$bFR-FrMaCLE 906 $aBOOK 912 $a9910495988303321 996 $aMarcel Proust$93037121 997 $aUNINA